[Event "Natal Regiion-ch sf"]
[Site "Natal"]
[Date "2017.11.04"]
[Round "6"]
[White "Savian, Fabio Jose"]
[Black "Marques, Eudes Pinto"]
[Result "1-0"]
[WhiteElo "2005"]
[BlackElo "1945"]
[PlyCount "109"]
[EventDate "2017.11.02"]
[EventType "swiss"]
[EventRounds "7"]
[EventCountry "BRA"]
[SourceTitle "CBM 181 Extra"]
[Source "ChessBase"]
[SourceDate "2017.12.12"]
[SourceVersion "1"]
[SourceVersionDate "2017.12.12"]
[SourceQuality "1"]

1. d4 Nf6 2. Bg5 Ne4 3. Bh4 c5 4. f3 g5 5. fxe4 gxh4 6. e3 Qb6 7. Nc3 cxd4 8. Qxd4 Qxd4 9. exd4 e6 10. Nf3 Be7 11. 0-0-0 a6 12. Bd3 d6 13. a4 Nc6 14. e5 d5 15. g3 Bd7 16. gxh4 0-0-0 17. Rhg1 f6 18. exf6 Bxf6 19. Be2 Be8 20. Nb1 Bh5 21. Nbd2 Bg6 22. c3 Rhe8 23. Ng5 e5 24. h5 Bxg5 25. Rxg5 Bf7 26. Rg7 exd4 27. Bxa6 Re7 28. Bd3 dxc3 29. bxc3 Bxh5 30. Rdg1 Rxg7 31. Rxg7 h6 32. Nb3 Rf8 33. Rh7 Ne5 34. Bb5 Bg6 35. Rxh6 Rf2 36. Nd4 Nd3+ 37. Kd1 Be4 38. h4 Rh2 39. Bxd3 Bxd3 40. h5 Kd7 41. Rh8 Ke7 42. Rb8 Rxh5 43. Rxb7+ Kd6 44. a5 Rh8 45. a6 Bxa6 46. Rb6+ Ke5 47. Re6+ Kf4 48. Rxa6 Ke3 49. Kc2 Rh2+ 50. Kb3 Rh8 51. Kb4 Kd3 52. Ra5 Ke4 53. Nc6 Rh4 54. Ne7 d4 55. cxd4 1-0

[Event "Natal Regiion-ch sf"]
[Site "Natal"]
[Date "2017.11.02"]
[Round "1"]
[White "Zallio, Luciano de Souza"]
[Black "Savian, Fabio Jose"]
[Result "0-1"]
[WhiteElo "2246"]
[BlackElo "2005"]
[PlyCount "130"]
[EventDate "2017.11.02"]
[EventType "swiss"]
[EventRounds "7"]
[EventCountry "BRA"]
[SourceTitle "CBM 181 Extra"]
[Source "ChessBase"]
[SourceDate "2017.12.12"]
[SourceVersion "1"]
[SourceVersionDate "2017.12.12"]
[SourceQuality "1"]

1. d4 e6 2. Nf3 Nf6 3. e3 b6 4. Bd3 Bb7 5. 0-0 Be7 6. Nbd2 c5 7. b3 Nc6 8. Bb2 Qc7 9. a3 d6 10. c4 0-0 11. Rc1 Rac8 12. Bb1 Rfd8 13. Qc2 g6 14. Rfd1 Qb8 15. Nf1 Na5 16. dxc5 bxc5 17. N3d2 Nc6 18. f4 a5 19. Ng3 d5 20. cxd5 exd5 21. Nf3 d4 22. exd4 Nxd4 23. Nxd4 cxd4 24. Qe2 Rxc1 25. Rxc1 Rd7 26. f5 Qd6 27. Rd1 Qb6 28. Kh1 Qxb3 29. fxg6 hxg6 30. a4 Qxa4 31. Bd3 Bd5 32. Bb5 Qb3 33. Bxd7 Nxd7 34. Bxd4 Bf8 35. Qd3 a4 36. Bc3 Be6 37. Qd4 f6 38. h3 Bc5 39. Qd3 Ne5 40. Qd8+ Kf7 41. Ne4 Be7 42. Qd4 Qc4 43. Ng5+ fxg5 44. Qxe5 Bf5 45. Qg7+ Ke8 46. Bf6 Qf7 47. Qh8+ Qf8 48. Qxf8+ Kxf8 49. Bxe7+ Kxe7 50. Rd2 Be6 51. Rd3 Kf6 52. Kh2 Ke5 53. g3 Ke4 54. Rd2 a3 55. g4 a2 56. Rd1 Bb3 57. Ra1 Kd3 58. Kg3 Kc3 59. h4 gxh4+ 60. Kxh4 Kb2 61. Rxa2+ Kxa2 62. Kg5 Bc2 63. Kf4 Kb3 64. Ke3 Kc3 65. g5 Bf5 0-1

[Event "Campinas Fazer op"]
[Site "Campinas"]
[Date "2015.03.22"]
[Round "5"]
[White "Silva, Vinicius Parente"]
[Black "Savian, Fabio Jose"]
[Result "1-0"]
[WhiteElo "1709"]
[BlackElo "2074"]
[PlyCount "55"]
[EventDate "2015.03.20"]
[EventType "swiss"]
[EventRounds "6"]
[EventCountry "BRA"]
[SourceTitle "EXT 2018"]
[Source "ChessBase"]
[SourceDate "2017.10.13"]
[SourceVersion "1"]
[SourceVersionDate "2017.10.13"]
[SourceQuality "1"]

1. e4 c5 2. Nc3 Nc6 3. g3 g6 4. Bg2 Bg7 5. d3 d6 6. f4 e6 7. Nf3 Nge7 8. 0-0 0-0 9. Kh1 Rb8 10. Be3 b6 11. Qe1 d5 12. Bf2 Nb4 13. Qc1 d4 14. Ne2 f5 15. a3 Nbc6 16. h3 e5 17. exf5 Bxf5 18. g4 Bd7 19. fxe5 Nxe5 20. Bg3 N7c6 21. Nxe5 Nxe5 22. Rxf8+ Qxf8 23. Bd5+ Kh8 24. Qf1 Qd6 25. Qg2 Rf8 26. Re1 Bc6 27. Bxe5 Qxe5 28. Bxc6 1-0

[Event "Pocos de Caldas op"]
[Site "Pocos de Caldas"]
[Date "2015.03.15"]
[Round "6"]
[White "Savian, Fabio Jose"]
[Black "De Souza, Robson Luiz"]
[Result "1/2-1/2"]
[WhiteElo "2074"]
[BlackElo "1859"]
[PlyCount "66"]
[EventDate "2015.03.13"]
[EventType "swiss"]
[EventRounds "6"]
[EventCountry "BRA"]
[SourceTitle "CBM 165 Extra"]
[Source "ChessBase"]
[SourceDate "2015.04.21"]
[SourceVersion "1"]
[SourceVersionDate "2015.04.21"]
[SourceQuality "1"]

1. d4 d5 2. Bg5 Nf6 3. Bxf6 exf6 4. e3 Bd6 5. g3 c6 6. Bg2 Bf5 7. Nd2 Nd7 8. Ne2 Qe7 9. b3 Be6 10. c4 f5 11. Qc2 Nf6 12. c5 Bc7 13. b4 0-0 14. 0-0 Bd7 15. Rab1 g5 16. Rb3 h5 17. b5 Ng4 18. Nf3 f6 19. bxc6 bxc6 20. Rfb1 Bc8 21. Ra3 Re8 22. Qa4 Qe6 23. h4 f4 24. gxf4 gxf4 25. Bh3 Qe4 26. Nd2 Qg6 27. Bxg4 Bxg4 28. Kf1 Bxe2+ 29. Kxe2 Qg4+ 30. Kd3 fxe3 31. fxe3 Qf5+ 32. Ke2 Qg4+ 33. Kd3 Qf5+ 1/2-1/2

[Event "Rio Claro op"]
[Site "Rio Claro"]
[Date "2014.05.18"]
[Round "6"]
[White "Herbst Neto, Eugenio"]
[Black "Savian, Fabio Jose"]
[Result "0-1"]
[WhiteElo "1925"]
[BlackElo "2094"]
[PlyCount "78"]
[EventDate "2014.05.16"]
[EventType "swiss"]
[EventRounds "6"]
[EventCountry "BRA"]
[SourceTitle "CBM 160 Extra"]
[Source "ChessBase"]
[SourceDate "2014.07.01"]
[SourceVersion "1"]
[SourceVersionDate "2014.07.01"]
[SourceQuality "1"]

1. d4 Nf6 2. Nf3 e6 3. e3 b6 4. Bd3 Bb7 5. 0-0 c5 6. c4 Nc6 7. Nc3 d5 8. cxd5 exd5 9. Re1 c4 10. Bf1 Bb4 11. Qc2 0-0 12. a3 Be7 13. g3 a6 14. Na4 Na5 15. Bd2 Nb3 16. Rad1 Bc6 17. Nc3 b5 18. Ne5 Bb7 19. Bc1 Qb6 20. Bg2 Rad8 21. Rf1 Rfe8 22. Qe2 a5 23. Kh1 b4 24. axb4 axb4 25. Nb1 Ba6 26. Qc2 Bd6 27. Nf3 Ne4 28. Kg1 Na5 29. Bd2 c3 30. bxc3 b3 31. Qc1 Bd3 32. Rde1 Nc4 33. Nh4 Bxb1 34. Qxb1 Ncxd2 35. Qd3 Nxf1 36. Rxf1 Rc8 37. Bxe4 dxe4 38. Qd2 Qa5 39. Ng2 Qxc3 0-1

[Event "Americana Region-ch 5th"]
[Site "Americana"]
[Date "2014.04.26"]
[Round "1"]
[White "Correia, Vitor Paie"]
[Black "Savian, Fabio Jose"]
[Result "0-1"]
[WhiteElo "1469"]
[BlackElo "2098"]
[PlyCount "106"]
[EventDate "2014.04.26"]
[EventType "swiss"]
[EventRounds "5"]
[EventCountry "BRA"]
[SourceTitle "CBM 160 Extra"]
[Source "ChessBase"]
[SourceDate "2014.07.01"]
[SourceVersion "1"]
[SourceVersionDate "2014.07.01"]
[SourceQuality "1"]

1. e4 c5 2. Nf3 e6 3. d4 cxd4 4. Nxd4 a6 5. Nc3 b5 6. a3 d6 7. Bd3 Nf6 8. Bg5 Nbd7 9. 0-0 Be7 10. Nc6 Qb6 11. Nxe7 Kxe7 12. Qd2 Bb7 13. Qe3 Qxe3 14. Bxe3 Ne5 15. Rac1 Rhc8 16. h3 Nc4 17. Bxc4 Rxc4 18. f3 Rac8 19. Bd2 Nd7 20. Rfd1 Nb6 21. Bg5+ f6 22. Bf4 d5 23. Be3 Na4 24. Nxa4 Rxa4 25. exd5 Bxd5 26. Rd4 Rxd4 27. Bxd4 g5 28. Bc3 h5 29. Kf2 Rg8 30. Bb4+ Kf7 31. Rh1 Rc8 32. Bc3 Kg6 33. Re1 Rc4 34. Rd1 Rc7 35. Rd4 Rc5 36. Rd1 Kf7 37. Rd4 Kg6 38. Rd1 Kf7 39. Rd4 e5 40. Rd2 Ke6 41. Re2 Rc4 42. Re3 Rc8 43. Re1 Rc4 44. Re3 Rc8 45. Re1 Rc7 46. Rd1 Rg7 47. Re1 Rg8 48. g4 h4 49. Bd2 Rc8 50. Bc3 Rc4 51. Re3 Rf4 52. Bd2 Rd4 53. Bc3 Rd1 0-1

[Event "Sao Paulo op-A U2300"]
[Site "Sao Paulo"]
[Date "2014.04.04"]
[Round "2"]
[White "Savian, Fabio Jose"]
[Black "Pires, Marcos Vinicius Tor"]
[Result "0-1"]
[WhiteElo "2098"]
[BlackElo "2226"]
[PlyCount "192"]
[EventDate "2014.04.03"]
[EventType "swiss"]
[EventRounds "6"]
[EventCountry "BRA"]
[SourceTitle "CBM 159 Extra"]
[Source "ChessBase"]
[SourceDate "2014.04.24"]
[SourceVersion "1"]
[SourceVersionDate "2014.04.24"]
[SourceQuality "1"]

1. d4 d5 2. c4 c6 3. cxd5 cxd5 4. Nc3 Nf6 5. Nf3 Nc6 6. Bf4 Nh5 7. Be3 e6 8. g3 Bd6 9. Bg2 0-0 10. 0-0 a6 11. Rc1 Na5 12. Nd2 f5 13. f4 Nf6 14. Na4 b6 15. a3 Bd7 16. Bf2 Bxa4 17. Qxa4 b5 18. Qd1 Nc4 19. Nxc4 bxc4 20. Qa4 Qb6 21. b4 Rfb8 22. Rb1 Qb5 23. Qc2 Qc6 24. Be1 Ra7 25. Bc3 Rab7 26. Rfd1 Nd7 27. Bf3 Nb6 28. e3 Qa4 29. Qd2 Nc8 30. g4 g6 31. gxf5 gxf5 32. Kf2 Rg7 33. Rg1 Rbb7 34. Rg3 Bf8 35. Kg2 Nd6 36. Bd1 Qe8 37. Bf3 Nb5 38. Bb2 c3 39. Bxc3 Nxa3 40. Ra1 Nc4 41. Qe1 Qb5 42. Rxg7+ Rxg7+ 43. Kh1 Rb7 44. Qg3+ Rg7 45. Qe1 h6 46. Be2 Qc6 47. Bd3 Kh7 48. Rc1 Qb7 49. Ra1 Rc7 50. Qg3 Rg7 51. Qe1 Qc8 52. Qe2 Rc7 53. Rg1 Qe8 54. Qg2 Rg7 55. Qe2 Rxg1+ 56. Kxg1 Qc6 57. Kf2 Nd6 58. Be1 Be7 59. Kg2 Ne4 60. Bd2 Qb7 61. Bc1 Bxb4 62. Qh5 Nd6 63. Qh4 Qc7 64. Bb2 Qg7+ 65. Kf2 a5 66. Bc2 Nc4 67. Bc1 Be7 68. Qh3 Qf8 69. Qh5 Nb6 70. Qe2 Bh4+ 71. Kf1 Nc4 72. Qh5 Bd8 73. Ba4 Bf6 74. Be8 a4 75. Qg6+ Kh8 76. Bxa4 Qg7 77. Qe8+ Qg8 78. Qh5 Kh7 79. Be8 Nd6 80. Bd7 Bg7 81. Ba3 Nc4 82. Bc1 Nd6 83. Ba3 Ne4 84. Be8 Nf6 85. Qg6+ Kh8 86. Bf7 Qb8 87. Be7 Qb1+ 88. Ke2 Qc2+ 89. Kf3 Ng4 90. Bh4 Qd1+ 91. Kg2 Qe2+ 92. Kg1 Qxh2+ 93. Kf1 Qxh4 94. Ke2 Qf2+ 95. Kd3 Qxe3+ 96. Kc2 Qe4+ 0-1

[Event "Sao Paulo IRT op 3rd"]
[Site "Sao Paulo"]
[Date "2013.09.08"]
[Round "5"]
[White "Savian, Fabio Jose"]
[Black "Gazola, Vanessa Ramos"]
[Result "1-0"]
[WhiteElo "2104"]
[BlackElo "2002"]
[PlyCount "69"]
[EventDate "2013.09.06"]
[EventType "swiss"]
[EventRounds "6"]
[EventCountry "BRA"]
[SourceTitle "CBM 156 Extra"]
[Source "ChessBase"]
[SourceDate "2013.10.22"]
[SourceVersion "1"]
[SourceVersionDate "2013.10.22"]
[SourceQuality "1"]

1. d4 d5 2. Bg5 c6 3. Nf3 Qb6 4. b3 Bf5 5. e3 e6 6. Bd3 Bxd3 7. Qxd3 h6 8. Bf4 Nf6 9. h3 Nbd7 10. 0-0 Be7 11. c4 Ne4 12. c5 Qd8 13. Nfd2 Nxd2 14. Nxd2 0-0 15. b4 a6 16. Rfc1 Re8 17. a4 Bf6 18. Bd6 e5 19. b5 axb5 20. axb5 exd4 21. exd4 Nf8 22. Nf3 Ng6 23. bxc6 bxc6 24. Ra6 Qc8 25. Rca1 Qb7 26. Rxa8 Rxa8 27. Rb1 Qa7 28. Rb6 Qa4 29. Kh2 Qa2 30. Bg3 Qa4 31. Rb7 Rc8 32. Qf5 Qa8 33. Qd7 Re8 34. Qxf7+ Kh7 35. Qxf6 1-0

[Event "Paulista-ch zt"]
[Site "Itapetininga"]
[Date "2012.10.13"]
[Round "4"]
[White "Utiyama, Marcel Heimar Ribei"]
[Black "Savian, Fabio Jose"]
[Result "1-0"]
[WhiteElo "2145"]
[BlackElo "2107"]
[PlyCount "61"]
[EventDate "2012.10.12"]
[EventType "swiss"]
[EventRounds "6"]
[EventCountry "BRA"]
[SourceTitle "CBM 151 Extra"]
[Source "ChessBase"]
[SourceDate "2012.12.18"]
[SourceVersion "1"]
[SourceVersionDate "2012.12.18"]
[SourceQuality "1"]

1. e4 d5 2. exd5 Qxd5 3. Nc3 Qa5 4. Bc4 Nf6 5. d3 c6 6. Nge2 g6 7. 0-0 Bg7 8. Ng3 0-0 9. Re1 Qd8 10. Bg5 Nbd7 11. d4 Re8 12. Bb3 Qa5 13. Bd2 Qc7 14. Qf3 Nb6 15. Nce4 a5 16. Nxf6+ Bxf6 17. Bg5 a4 18. Bxf6 axb3 19. Be5 Qd8 20. Qxb3 Be6 21. Qc3 Na4 22. Qd2 Nb6 23. Qh6 f6 24. Bf4 Bf7 25. c3 Rxa2 26. Rxa2 Bxa2 27. h4 Qd5 28. Ne4 Nd7 29. Bd2 Qf7 30. Qf4 e5 31. dxe5 1-0

[Event "Paulista-ch zt"]
[Site "Itapetininga"]
[Date "2012.10.12"]
[Round "2"]
[White "Yanaguihara, Vitor Kioshi"]
[Black "Savian, Fabio Jose"]
[Result "0-1"]
[WhiteElo "1750"]
[BlackElo "2107"]
[PlyCount "76"]
[EventDate "2012.10.12"]
[EventType "swiss"]
[EventRounds "6"]
[EventCountry "BRA"]
[SourceTitle "CBM 151 Extra"]
[Source "ChessBase"]
[SourceDate "2012.12.18"]
[SourceVersion "1"]
[SourceVersionDate "2012.12.18"]
[SourceQuality "1"]

1. e4 d5 2. exd5 Qxd5 3. Nc3 Qa5 4. Nf3 Nf6 5. Be2 c6 6. 0-0 Bf5 7. d4 e6 8. Re1 Nbd7 9. Bd2 Bb4 10. a3 Bxc3 11. Bxc3 Qc7 12. Bc4 Ne4 13. Nh4 Nxc3 14. bxc3 Bg6 15. Qf3 Nf6 16. Rab1 0-0 17. Nxg6 hxg6 18. Re5 Rfe8 19. h4 Rad8 20. g4 Nd5 21. Rbe1 Qe7 22. h5 Qf6 23. Qg3 g5 24. Bxd5 Rxd5 25. Kg2 Red8 26. Rxd5 Rxd5 27. Qb8+ Kh7 28. Re3 Qf4 29. Qxb7 Qxg4+ 30. Rg3 Qe4+ 31. Kg1 Rb5 32. Qa6 Rb1+ 33. Qf1 Rxf1+ 34. Kxf1 Qxc2 35. Kg2 Qe4+ 36. Kh3 Qh1+ 37. Kg4 Kh6 38. Rh3 f5+ 0-1

[Event "Campinas op 08"]
[Site "Campinas"]
[Date "2009.08.01"]
[Round "2"]
[White "Labegalini, Antonio Luiz"]
[Black "Savian, Fabio Jose"]
[Result "0-1"]
[WhiteElo "1897"]
[BlackElo "2101"]
[PlyCount "60"]
[EventDate "2009.07.31"]
[EventType "swiss"]
[EventRounds "5"]
[EventCountry "BRA"]
[SourceTitle "EXT 2012"]
[Source "ChessBase"]
[SourceDate "2011.11.24"]
[SourceVersion "1"]
[SourceVersionDate "2011.11.24"]
[SourceQuality "1"]

1. c4 Nf6 2. g3 e5 3. Bg2 Nc6 4. Nc3 Bb4 5. a3 Bxc3 6. dxc3 d6 7. Bg5 h6 8. Bxf6 Qxf6 9. Bxc6+ bxc6 10. e3 0-0 11. f3 Be6 12. Qd3 Rab8 13. b4 Rfd8 14. 0-0-0 a5 15. h4 axb4 16. cxb4 c5 17. Qc3 cxb4 18. axb4 c5 19. bxc5 Rdc8 20. Kd2 Rxc5 21. Ke1 Rxc4 22. Qa3 d5 23. Rh2 Rbc8 24. Qb2 Rc3 25. Re2 Qg6 26. Kf2 e4 27. Qb6 Kh7 28. Rdd2 Rc1 29. g4 exf3 30. Nxf3 Qxg4 0-1

[Event "Campinas op 08"]
[Site "Campinas"]
[Date "2009.08.01"]
[Round "3"]
[White "Savian, Fabio Jose"]
[Black "Hengles, Roberto Carlos"]
[Result "1-0"]
[WhiteElo "2101"]
[BlackElo "1955"]
[PlyCount "61"]
[EventDate "2009.07.31"]
[EventType "swiss"]
[EventRounds "5"]
[EventCountry "BRA"]
[SourceTitle "EXT 2012"]
[Source "ChessBase"]
[SourceDate "2011.11.24"]
[SourceVersion "1"]
[SourceVersionDate "2011.11.24"]
[SourceQuality "1"]

1. d4 c5 2. c3 g6 3. Nf3 Bg7 4. Bf4 Nf6 5. e3 cxd4 6. exd4 0-0 7. Bd3 d6 8. 0-0 Nbd7 9. h3 Nd5 10. Bh2 e5 11. dxe5 dxe5 12. Bxg6 hxg6 13. Qxd5 Qb6 14. Qb3 Re8 15. Nbd2 Qc6 16. Qc4 Qb6 17. Qb3 Qc6 18. Qc4 Qb6 19. Nb3 a5 20. a4 Nf6 21. Qb5 Qa7 22. Nxe5 b6 23. Rfd1 Ba6 24. Qc6 Be2 25. Rdc1 Rac8 26. Qd6 Qb7 27. Rc2 Red8 28. Qa3 Bf8 29. Qa2 Bc4 30. Nxc4 Rxc4 31. Nxa5 1-0

[Event "Campinas op 08"]
[Site "Campinas"]
[Date "2009.07.31"]
[Round "1"]
[White "Savian, Fabio Jose"]
[Black "Pereira, Marcio Machado"]
[Result "1-0"]
[WhiteElo "2101"]
[BlackElo "1711"]
[PlyCount "31"]
[EventDate "2009.07.31"]
[EventType "swiss"]
[EventRounds "5"]
[EventCountry "BRA"]
[SourceTitle "EXT 2012"]
[Source "ChessBase"]
[SourceDate "2011.11.24"]
[SourceVersion "1"]
[SourceVersionDate "2011.11.24"]
[SourceQuality "1"]

1. e4 c5 2. Nf3 Nc6 3. d3 d6 4. g3 Bg4 5. h3 Bh5 6. Bg2 Nf6 7. Bf4 Qb6 8. Nbd2 Nd4 9. Nc4 Qa6 10. g4 Bg6 11. Nxd4 cxd4 12. e5 Ne4 13. 0-0 e6 14. exd6 Nxd6 15. Bxd6 Bxd6 16. Bxb7 1-0

[Event "Campinas LCX 14th"]
[Site "Campinas"]
[Date "2008.12.28"]
[Round "4"]
[White "Savian, Fabio Jose"]
[Black "Pereira, Marcio Machado"]
[Result "1-0"]
[WhiteElo "2088"]
[BlackElo "1679"]
[PlyCount "61"]
[EventDate "2008.12.26"]
[EventType "tourn"]
[EventRounds "5"]
[EventCountry "BRA"]
[SourceTitle "EXT 2022"]
[Source "ChessBase"]
[SourceDate "2021.10.06"]
[SourceVersion "1"]
[SourceVersionDate "2021.10.06"]
[SourceQuality "1"]

1. d4 d5 2. c4 c6 3. cxd5 Qxd5 4. Nc3 Qa5 5. e4 Nf6 6. Bd3 b5 7. Nf3 Ba6 8. 0-0 b4 9. Ne2 e6 10. Be3 Be7 11. Ne5 0-0 12. Bxa6 Qxa6 13. Ng3 Rd8 14. Qc2 Nfd7 15. Nd3 Qb5 16. Rac1 Rc8 17. f4 a5 18. f5 e5 19. Nxe5 Nxe5 20. dxe5 Qxe5 21. Rcd1 Rd8 22. Rxd8+ Bxd8 23. Rd1 Be7 24. Bd4 Qc7 25. f6 gxf6 26. Nf5 Ra6 27. Qf2 Bf8 28. Bxf6 c5 29. Qh4 Rxf6 30. Qxf6 Nc6 31. Rd3 1-0

[Event "Campinas Pucci Memorial 11th"]
[Site "Campinas"]
[Date "2008.10.26"]
[Round "5"]
[White "Savian, Fabio Jose"]
[Black "Caricatto, Nadia Piccinin"]
[Result "1-0"]
[WhiteElo "2103"]
[BlackElo "1699"]
[PlyCount "47"]
[EventDate "2008.10.24"]
[EventType "tourn"]
[EventRounds "9"]
[EventCountry "BRA"]
[SourceTitle "EXT 2022"]
[Source "ChessBase"]
[SourceDate "2021.10.06"]
[SourceVersion "1"]
[SourceVersionDate "2021.10.06"]
[SourceQuality "1"]

1. d4 Nf6 2. Nf3 d6 3. Nc3 g6 4. e4 Bg7 5. Bc4 0-0 6. Bg5 Nbd7 7. Qe2 h6 8. Bh4 Nh7 9. 0-0 c5 10. dxc5 Nxc5 11. Rfd1 Bd7 12. Rxd6 g5 13. Rd5 b6 14. Bg3 Nf6 15. Rd2 Qc8 16. Ne5 Bc6 17. Nxc6 Qxc6 18. e5 Nh7 19. Bd5 Qc8 20. Bxa8 Qxa8 21. b4 Ne6 22. Rad1 Rc8 23. Nd5 Kf8 24. Qe4 1-0

[Event "Campinas IRT LCX 07th"]
[Site "Campinas"]
[Date "2008.05.04"]
[Round "11"]
[White "Rouanet, Luiz Paulo"]
[Black "Savian, Fabio Jose"]
[Result "0-1"]
[WhiteElo "2056"]
[BlackElo "2068"]
[PlyCount "104"]
[EventDate "2008.04.05"]
[EventType "tourn"]
[EventRounds "11"]
[EventCountry "BRA"]
[SourceTitle "EXT 2022"]
[Source "ChessBase"]
[SourceDate "2021.10.06"]
[SourceVersion "1"]
[SourceVersionDate "2021.10.06"]
[SourceQuality "1"]

1. d4 f5 2. Nf3 e6 3. Bf4 Nf6 4. h3 Bd6 5. Bxd6 cxd6 6. c3 Nc6 7. e3 b6 8. Nbd2 Bb7 9. Be2 Qe7 10. Qc2 d5 11. Rc1 0-0 12. 0-0 Rfc8 13. Qb1 Na5 14. b4 Nc6 15. a3 Nd8 16. c4 dxc4 17. Bxc4 Nf7 18. Bd3 Nd6 19. Rxc8+ Rxc8 20. Rc1 Qd8 21. Ne5 Nde4 22. Qb2 Nxd2 23. Qxd2 Ne4 24. Bxe4 Bxe4 25. f3 Bb7 26. Rc3 d6 27. Nd3 Rxc3 28. Qxc3 Qc8 29. Qxc8+ Bxc8 30. Kf2 Bd7 31. e4 fxe4 32. fxe4 Kf7 33. h4 Bb5 34. Ne1 Kf6 35. Nf3 e5 36. dxe5+ dxe5 37. Ke3 h6 38. g4 g5 39. hxg5+ hxg5 40. Nd2 Kg6 41. Nb1 Kf6 42. Nc3 Bc6 43. Kd3 Ke6 44. Ke3 Kf6 45. Kd3 Ke6 46. Kc4 Kd6 47. Nb5+ Kd7 48. Nxa7 Bxe4 49. Nb5 Bg2 50. Nc3 Kc6 51. Kd3 b5 52. Ke3 Bd5 0-1